000
00331 a2200145 4500
001
178896
020
_a
040
_c
Magnum
100
_a
Prado, Lucilia Junqueira de Almeida
240
1
0
_a
Cabelos de cenoura
_l
por
245
1
0
_a
Cabelos de cenoura
362
0
_a
1899
697
_a
MAGNITO: J/ADOLESCENTE, NAMORO
942
_c
BK
999
_c
178896
_d
178896